000 00628nam a22001937a 4500
005 20251108174908.0
008 250721s2010 xx 000 0 ara d
082 1 4 _a956.411/سمح
100 1 _aسمحان، محمد
245 1 0 _aالطريق إلى يبوس الله .. التاريخ التباس الحقائق و الأساطير /
264 1 _aعمان :
_bدار يافا العلمية للنشر والتوزيع،
_c2010.
300 _a174ص.
650 1 7 _aتاريخ فلسطين
650 1 7 _aالقدس
650 1 7 _aاسرائيل
650 1 7 _aالاحتلال
942 _2ddc
_cBK
999 _c120884
_d120884